| 000 | 00958nam1a2200265 4500 | ||
|---|---|---|---|
| 001 | RU\NLR\BIBL_A\022444170 | ||
| 005 | 20250807185201.0 | ||
| 035 | _a(NLR Aleph) 022444170 | ||
| 090 |
_a79979 _c79979 |
||
| 100 | _a20250204g1941 e y0rusy50 ca | ||
| 101 | 0 | _akaz | |
| 102 | _aKZ | ||
| 105 | _ay j 000yy | ||
| 181 | 0 |
_ai _baxxe |
|
| 182 | 0 | _an | |
| 200 | 1 |
_aФизика курсы _eорта мектептин оқу қуралы _fпроф. И. И. Соколов |
|
| 203 |
_aТекст _bвизуальный _cнепосредственный |
||
| 210 |
_aАлматы _cҚазақбірікмембас _d1941- |
||
| 215 | _d23 | ||
| 700 | 1 |
_aСоколов _bИ. И. _cд-р пед. наук, физика _f1874-1967 _gИван Иванович _3RU\NLR\AUTH\770219297 _4070 |
|
| 852 |
_aNLR _bОНЛ _jКазах./3-1099 |
||
| 942 | _cBOOK | ||
| 945 | _aРоссийская национальная библиотека | ||
| 980 | _aBV | ||